Kariera trenerska Antonio Conte. - Statystyki

Ogólne statystyki
  • Ten quiz został rozwiązany 58 razy
  • Średni wynik to 5 z 10
Statystyki odpowiedzi
Lata Drużyna % Poprawnych
2016-2018 Chelsea
98%
2019-teraz Inter
96%
2011-2012 Juventus
92%
2012-2014 Juventus
92%
2014-2016 Włochy
68%
2007-2009 Bari
21%
2009-2010 Atalanta
11%
2010-2011 Siena
4%
2006-2006 Arezzo
2%
2007-2007 Arezzo
2%
Nie znaleziono quizów pasujących do podanych kryteriów
Rozkład punktacji
Procent ludzi z każdym wynikiem
Percentyl według liczby udzielonych odpowiedzi
Twoja historia wyników
Nie rozwiązałeś tego quizu